000 06610cam a22018614i 4500
003 PE-LiUPU
005 20250813165914.0
008 150706s2013 sp a rb 000 0 spa d
020 _a9788415419525
035 _a(Sirsi) i9788415419525
040 _aPE-LiUPU
_bspa
_cPE-LiUPU
_erda
049 _aPRUA
082 0 4 _a618.92098
_bH44
_221
100 1 _aEmans, S. Jean Herriot,
_eautor.
245 1 0 _aGinecología en la infancia y la adolescencia /
_cEmans, Laufer, Goldstein ; S. Jean Herriot Emans, MarcR. Laufer ; [traducción, Celia Pedroza, Félix García Roig].
250 _a6a ed.
264 1 _aBarcelona :
_bWolters Kluwer Health,
_c2013.
300 _a589 páginas :
_bilustraciones ;
_c28 centímetros
336 _atext
_2rdacontent
337 _aunmediated
_2rdamedia
338 _avolume
_2rdacarrier
500 _aTraducido de la 6a ed. en inglés de: Emans, Laufer, Goldstein. Pediatric & adolescent gynecology.
504 _aIncluye bibliografía al final de cada capítulo.
505 0 _aEvaluación de la niña y la adolescente en la consulta -- Entrevista con la adolescente: estrategias de comunicación y fomento de la resiliencia -- Genitales ambiguos en el recién nacido y trastornos del desarrollo sexual -- Problemas vulvovaginales en la niña prepúber -- Dermatología vulvar -- Fisiología de la pubertad -- Pubertad precoz -- Retraso de la pubertad -- Amenorrea en la adolescente -- Sangrado vaginal anormal en la adolescente -- Anomalías de los andrógenos en la adolescente -- Anomalías estructurales del aparato reproductor femenino -- Dolor ginecológico: dismenorrea, dolor pélvico agudo y crónico, endometriosis y síndrome premenstrual -- Educación de la niña y la adolescente -- Urología pediátrica -- Traumatismos genitales -- Molestias vulvovaginales en la adolescente -- Infecciones de transmisión sexual: clamidia, gonorrea, enfermedad inflamatoria pélvica y sífilis -- Virus de la inmunodeficiencia humana en mujeres jóvenes -- Infección por el virus del papiloma humano, cribado del cáncer cervical y prevención en las adolescentes -- Masa de los anejos -- Las mamas: exploración y lesiones -- Técnicas de imagen -- Anticoncepción -- Embarazo en las adolescentes -- Sexualidad y educación sexual de las adolescentes -- Ginecología en las jóvenes con enfermedades crónicas -- Ginecología en las adolescentes con retraso del desarrollo -- Cuestiones ginecológicas y de fertilidad en pacientes y supervivientes de cáncer -- Abuso sexual en la niña y la adolescente -- Medicinas complementaria y alternativa para las pacientes ginecológicas -- Aspectos legales en la ginecología pediátrica y de la adolescente -- Seguridad de la paciente en la ginecología ambulatoria -- Resumen de las clasificaciones de métodos anticonceptivos hormonales y dispositivos intrauterinos -- Porcentajes y tallas adultas calculados según la edad esquelética -- Métodos para calcular el porcentaje de grasa corporal en las niñas a partir de la medición de los pliegues cutáneos.
526 _aP203
526 _aP200
526 _aSEG65
526 _aSEG64
526 _aSEG63
526 _aSEG62
526 _aSEG61
526 _aSEG60
526 _aSEG59
526 _aSEG58
526 _aSEG57
526 _aSEG56
526 _aSEG55
526 _aSEG54
526 _aSEG53
526 _aSEG52
526 _aSEG51
526 _aSEG50
526 _aSEG49
526 _aSEG48
526 _aSEG47
526 _aSEG46
526 _aSEG24
526 _aSEG23
526 _aSEG22
526 _aSEG21
526 _aSEG20
526 _aSEG19
526 _aSEG18
526 _aSEG17
526 _aSEG16
526 _aSEG14
526 _aSEG13
526 _aSEG12
526 _aSEG11
526 _aSEG10
526 _aSEG09
526 _aSEG06
526 _aSEG05
526 _aSEG04
526 _aSEG03
526 _aSEG02
526 _aSEG68
526 _aSEG66
526 _aSEG45
526 _aSEG25
526 _aSEG01
526 _aP163
526 _aP162
526 _aP161
526 _aP160
526 _aP159
526 _aP158
526 _aP157
526 _aP156
526 _aP155
526 _aP154
526 _aP153
526 _aP152
526 _aP151
526 _aP150
526 _aP149
526 _aP142
526 _aP141
526 _aP140
526 _aP139
526 _aP138
526 _aP137
526 _aP132
526 _aP131
526 _aP130
526 _aP126
526 _aP125
526 _aP124
526 _aP123
526 _aP115
526 _aP122
526 _aP121
526 _aP116
526 _a P114
526 _aP112
526 _aP111
526 _aP104
526 _aP103
526 _aP102
526 _aP101
526 _aP100
526 _aP96
526 _aP95
526 _aP93
526 _aP92
526 _aP91
526 _aP88
526 _aP83
526 _aP82
526 _aP79
526 _aP78
526 _aP75
526 _aP74
526 _aP71
526 _aP69
526 _a P51
526 _aP49
526 _aP48
526 _aP47
526 _aP33
526 _aP31
526 _a P30
526 _aP29
526 _aP27
526 _aP26
526 _aP25
526 _aP24
526 _a P22
526 _aP10
526 _aP09
526 _a P08
526 _aP06
526 _aP05
526 _aP04
526 _aP01
541 _g001-000090;
541 _g010-000004;
650 0 4 _aGinecología pediátrica.
700 1 _aLaufer, MarcR.,
_eautor.
910 _cng
_d20130507
942 _2ddc
_cBOOK
949 _a618.92098 H44
_wDEWEY
_c1
_i67089
_lCCODEBUL1
_mBUL
_p43.00
_r0
_sY
_tBOOK
_u2015-7-6
_xSALUD
_PP22
_o.STAFF. Colección General
949 _a618.92098 H44
_wDEWEY
_c2
_i67651
_lCCODEBUL1
_mBUL
_p43.00
_r0
_sY
_tBOOK
_u2015-7-6
_xSALUD
_PP30
_o.STAFF. Colección General
994 _aC0
_bPEPRU
596 _a1
999 _a618.92098 H44
_wDEWEY
_c54793
_i67089
_f2021-11-4
_g5
_lCCODEBUL1
_mBUL
_p43.00
_r0
_sY
_tBOOK
_u2015-7-6
_xSALUD
_PP22
_0COMPRA
_o.STAFF. Colección General
_d54793
999 _a618.92098 H44
_wDEWEY
_c2
_i67651
_d2017-11-2
_e2015-9-6
_f2021-11-4
_g5
_lCCODEBUL1
_mBUL
_n1
_p43.00
_q1
_r0
_sY
_tBOOK
_u2015-7-6
_xSALUD
_PP30
_0COMPRA
_o.STAFF. Colección Ciencias de la Salud
980 _81
_gALBERTO SANCHEZ Responsable de Automatización